000
00202nam a2200073Ia 4500
008
170817s9999 xx 000 0 und d
100
_a
Sareen.N
245
0
_a
Information And Communication Technology
260
_b
Anmol Publications Delhi
999
_c
38890
_d
38890